00430cam a22001337a 4500008004000000082001300040245008700053260005400140300001000194440003400204650001900238700001800257700002100275180718b1995 xxu||||| |||| 00| 0 eng d aB19 C361 aGrassroots movements and social changecedited by Neera Chandhoke and Ashish Ghosh aDelhibDeveloping Countries Research Centrec1995 a200p. aGrassroots politics series; 1 aSocial change. aGhosh, Ashish aChandhoke, Neera